Economic Reforms in Sri Lanka (Record no. 2059)

MARC details
000 -LEADER
fixed length control field 011810000a22002650004500
003 - CONTROL NUMBER IDENTIFIER
control field LK-CoMWRAF
008 - FIXED-LENGTH DATA ELEMENTS--GENERAL INFORMATION
fixed length control field 230817t ||||| |||| 00| 0 eng d
020 ## - INTERNATIONAL STANDARD BOOK NUMBER
International Standard Book Number 9555800952
040 ## - CATALOGING SOURCE
Original cataloging agency LK-CoMWRAF
Modifying agency LK-CoMWRAF
Description conventions LK-CoMWRAF
041 ## - LANGUAGE CODE
Language code of text/sound track or separate title English
082 ## - DEWEY DECIMAL CLASSIFICATION NUMBER
Classification number 770
Item number SAR
942 ## - ADDED ENTRY ELEMENTS (KOHA)
Koha item type Books
700 ## - ADDED ENTRY--PERSONAL NAME
Personal name Sarvananthan,, Muttukrishna
Relator Term editor
245 ## - TITLE STATEMENT
Title Economic Reforms in Sri Lanka
Remainder of title Post - 1977 Period
260 ## - PUBLICATION, DISTRIBUTION, ETC. (IMPRINT)
Name of publisher, distributor, etc. International Centre for Ethnic Studies
Place of publication, distribution, etc. Sri Lanka (Colombo 08)
Date of publication, distribution, etc. 2005
300 ## - PHYSICAL DESCRIPTION
Extent p.392
650 ## - SUBJECT ADDED ENTRY--TOPICAL TERM
Topical term or geographic name as entry element Evolution of Anti - Poverty Programmes by Hasitha Wickremasinghe
650 ## - SUBJECT ADDED ENTRY--TOPICAL TERM
Topical term or geographic name as entry element Financial Sector Reforms by Shanaka Jayanath Peiris
650 ## - SUBJECT ADDED ENTRY--TOPICAL TERM
Topical term or geographic name as entry element Labour Market Reforms by Shyamali Ranaraja
650 ## - SUBJECT ADDED ENTRY--TOPICAL TERM
Topical term or geographic name as entry element Microeconomic by Muttukrishna Sarvananthan
650 ## - SUBJECT ADDED ENTRY--TOPICAL TERM
Topical term or geographic name as entry element Migration of Women as Domestic Workers: Impact on Gender Relations and Ideology by Shreen Saroor
650 ## - SUBJECT ADDED ENTRY--TOPICAL TERM
Topical term or geographic name as entry element Reforms Agenda and Challenges for Poverty Alleviation Programmes by Kalinga Tudor Silva & Myriam Fernando
650 ## - SUBJECT ADDED ENTRY--TOPICAL TERM
Topical term or geographic name as entry element Stepping into a new Economic era: Gender blind again? by Ramani Jayasundere
650 ## - SUBJECT ADDED ENTRY--TOPICAL TERM
Topical term or geographic name as entry element The Essence and Direction of Public administration Reforms by Lloyd Fernando
Holdings
Withdrawn status Lost status Damaged status Not for loan Permanent Location Current Location Date acquired Full call number Barcode Koha item type
        Resource center, Muslim Women's Research And Action Forum Resource center, Muslim Women's Research And Action Forum 2023-08-17 770 SAR RAF4338 Books

Copyright © 2023 Muslim Women's Research and Action Forum (MWRAF), No 27/3, Anderson Road, Kalubowila, Dehiwela. Funded by The Asia Fundation